Score 0/34 Timer 03:00
0 Plays Today
Hint 4-Letter Word % Correct
'___ Some Sugar on Me'POUR
95.1%
___ Patch Kids๐Ÿฟ SOUR ๐Ÿฟ
94.3%
Innermost part of the earthCORE
91.8%
Caramel or kettle ___๐Ÿฟ CORN ๐Ÿฟ
88.3%
___ Gyllenhaal, actorJAKE
88%
Capricorn animalGOAT
84.4%
Petulant expressionPOUT
84.1%
___ & Ike๐Ÿฟ MIKE ๐Ÿฟ
84.1%
Joint inflammationGOUT
81.9%
'I'd like to buy the world a ___'๐Ÿฟ COKE ๐Ÿฟ
81.9%
Rib-ticklerJOKE
81.8%
Sail supportMAST
80.7%
Female equineMARE
78.9%
Superhero costume partCAPE
78.7%
Provoke to stimulate a reactionGOAD
78.3%
'Charlie says Love my ___ & Plenty!' ๐Ÿฟ GOOD ๐Ÿฟ
76.7%
7-Eleven, e.g.MART
75.5%
Hint 4-Letter Word % Correct
Model partner?MAKE
74.1%
Breed of cat: Maine ___COON
74%
Hourly charge, e.g.RATE
73.8%
Spelunking locationCAVE
71.6%
Bully or thugGOON
71.1%
Coffee, sippy & red soloCUPS
70.7%
Glowing reviewRAVE
70.3%
Slimy soilMIRE
68.4%
Nestlรฉ Sno-___๐Ÿฟ CAPS ๐Ÿฟ
68.4%
Sierra ___๐Ÿฟ MIST ๐Ÿฟ
68.3%
Sacred ceremonyRITE
67.6%
SwearCUSS
66.3%
Word from the bailiffRISE
57.8%
___-en-scรจne MISE
56%
Hershey's Milk ___๐Ÿฟ DUDS ๐Ÿฟ
50.8%
Slang for a pint of beerSUDS
42.2%
Figure out, with 'out'SUSS
41.6%

Today's Daily Dose

Word Ladder
I Have a Dream

Get the Picture
January Holidays

Remove Ads.
Support Sporcle.
Get the best of Sporcle when you Go Orange. This ad-free experience offers more features, more stats, and more fun while also helping to support Sporcle. Thank you for becoming a member.

You're not logged in!

Compare scores with friends on all Sporcle quizzes.
OR
Log In

Show Comments

Extras

Top Quizzes Today


Score Distribution

Your Account Isn't Verified!

In order to create a playlist on Sporcle, you need to verify the email address you used during registration. Go to your Sporcle Settings to finish the process.

Report this User

Report this user for behavior that violates our Community Guidelines.

Details: